Library Banner

MRI in practice / (Record no. 130026)

MARC details
000 -LEADER
fixed length control field 00631cam a22002178i 4500
001 - CONTROL NUMBER
control field 20378393
005 - DATE AND TIME OF LATEST TRANSACTION
control field 20230111085424.0
008 - FIXED-LENGTH DATA ELEMENTS--GENERAL INFORMATION
fixed length control field 180226s2018 nju b 001 0 eng
020 ## - INTERNATIONAL STANDARD BOOK NUMBER
International Standard Book Number 9781119391968 (pbk.)
040 ## - CATALOGING SOURCE
Transcribing agency PK-LaUMT
082 00 - DEWEY DECIMAL CLASSIFICATION NUMBER
Classification number 616.07548
Edition number 23
Item number WES-M
100 1# - MAIN ENTRY--PERSONAL NAME
Personal name Westbrook, Catherine
245 10 - TITLE STATEMENT
Title MRI in practice /
Statement of responsibility, etc by Catherine Westbrook, John Talbot
250 ## - EDITION STATEMENT
Edition statement 5th ed.
260 ## - PUBLICATION, DISTRIBUTION, ETC. (IMPRINT)
Place of publication, distribution, etc Hoboken :
Name of publisher, distributor, etc Wiley Blackwell,
Date of publication, distribution, etc 2019
300 ## - PHYSICAL DESCRIPTION
Extent 395 p. ;
Dimensions cm.
650 12 - SUBJECT ADDED ENTRY--TOPICAL TERM
Topical term or geographic name as entry element Magnetic Resonance Imaging
General subdivision methods
650 22 - SUBJECT ADDED ENTRY--TOPICAL TERM
Topical term or geographic name as entry element Magnetic Resonance Imaging
General subdivision instrumentation
700 1# - ADDED ENTRY--PERSONAL NAME
Personal name Talbot, John
942 ## - ADDED ENTRY ELEMENTS (KOHA)
Koha item type Books
Holdings
Withdrawn status Lost status Damaged status Home library Current library Date acquired Full call number Barcode Date last seen Price effective from Koha item type Copy number
      UMT Health Sciences Campus UMT Health Sciences Campus 2023-01-11 616.07548 WES-M 144418 2023-12-26 2023-01-11 Books  
      UMT Health Sciences Campus UMT Health Sciences Campus 2025-04-23 616.07548 WES-M 149369 2025-04-23 2025-04-23 Books C.2
      UMT Health Sciences Campus UMT Health Sciences Campus 2025-04-23 616.07548 WES-M 149370 2025-04-23 2025-04-23 Books C.3
      UMT Health Sciences Campus UMT Health Sciences Campus 2025-04-23 616.07548 WES-M 149371 2025-04-23 2025-04-23 Books C.4
      UMT Health Sciences Campus UMT Health Sciences Campus 2025-04-23 616.07548 WES-M 149372 2025-04-23 2025-04-23 Books C.5
      UMT Health Sciences Campus UMT Health Sciences Campus 2025-04-23 616.07548 WES-M 149373 2025-04-23 2025-04-23 Books C.6
      UMT Health Sciences Campus UMT Health Sciences Campus 2025-04-23 616.07548 WES-M 149374 2025-04-23 2025-04-23 Books C.7
      UMT Health Sciences Campus UMT Health Sciences Campus 2025-04-23 616.07548 WES-M 149375 2025-04-23 2025-04-23 Books C.8